Mensagem (Registo nº 151)

Detalhes MARC
000 -Etiqueta do registo
Cabeçalho 00942nam0a2200325 4500
005 - Identificador da versão
Campo de controlo 20240813121755.0
095 ## -
-- PTBN00462447
010 ## - Número internacional normalizado dos livros (ISBN)
Número (ISBN) 9726170087
021 ## - Número do Depósito Legal
Código do país PT
Número 108580/97
035 ## - Other System Control Numbers
System Control Number 0000160
System Control Number 0000160
System Control Number 0000155
100 ## - Dados gerais de processamento
Dados gerais de processamento 20150116d1997 m y0pory5003 ba
102 ## - Pais de publicação ou produção
País de publicação Portugal
101 0# - Língua de publicação
Língua do texto, banda sonora, etc. Português
215 ## - Descrição física 
Indicação específica da natureza do documento e extensão da espécie 110, [1] p
200 1# - Titulo e menção de responsabilidade
Título próprio Mensagem
Primeira menção de responsabilidade de Fernando Pessoa
Outras menções de responsabilidade com duas notas de David Mourão-Ferreira
225 2# - Colecção 
Título próprio da colecção Obras completas de Fernando Pessoa
Nome de uma parte ou secção Poesia
Indicação de volume 5
205 ## - Menção da edição
Menção da edição 19ª ed
210 ## - Publicação, Distribuição, etc. 
Lugar da edição, distribuição, etc. Lisboa
Nome do editor, distribuidor, etc. Ática
Data da publicação, distribuição, etc. D. L. 1997
300 ## - Notas gerais 
Texto da nota Metas curriculares
606 ## - Nome comum usado como assunto
Número de registo de entrada de autoridade 0002007
Palavra de ordem Literatura portuguesa
Subdivisão de assunto Poesia
Código do sistema CA
675 ## - Classificação Decimal Universal (CDU)
Notação 821.134.3-1
Edição 3ª ed.
Língua da edição por
702 ## - Nome de autor-pessoa física (responsabilidade secundária)
Número de registo de entrada de autoridade 0000197
Palavra de ordem Ferreira
Outra parte do nome não tomada para palavra de ordem David Mourão
Datas 1927-1996
Código de função Anotador
700 ## - Nome de autor-pessoa física (responsabilidade principal)
Número de registo de entrada de autoridade 0000195
Palavra de ordem Pessoa
Outra parte do nome não tomada para palavra de ordem Fernando
Datas 1888-1935
966 ## - Identificação da Biblioteca
Sigla EB2,3ENM
942 ## - Elementos de entrada adicionados (Koha)
Tipo de item no Koha Livro
Exemplares
Situação do levantamento Origin of item (home branch) (coded) Biblioteca de empréstimo Código de barras Cota Circulation type (not for loan) Tipo de documento Nota do exemplar Damaged status
  Biblioteca Escolar Eng. Nuno Mergulhão Biblioteca Escolar Eng. Nuno Mergulhão BENM528 82LP-1 PES MET   Livro Sem mensagem